Equipos Argentinos de la Primera División (2026) - Estadísticas

Estadísticas generales
  • Esta prueba ha sido intentada 31 veces
  • La puntuación promedio es 24 de 30
Estadísticas de respuestas
Equipos % Correcto
Boca Juniors
100%
River Plate
100%
Independiente
96%
Lanús
96%
Racing Club
96%
Estudiantes de La Plata
88%
Estudiantes de Río Cuarto
88%
Newell's Old Boys
88%
Rosario Central
88%
Talleres
88%
Vélez Sársfield
88%
Gimnasia y Esgrima de La Plata
85%
Gimnasia y Esgrima de Mendoza
85%
San Lorenzo
85%
Bánfield
81%
Huracán
81%
Platense
81%
Aldosivi
77%
Argentinos Juniors
77%
Belgrano
77%
Atlético Tucumán
69%
Barracas Central
65%
Defensa y Justicia
65%
Unión de Santa Fe
65%
Central Córdoba
62%
Independiente Rivadavia
62%
Sarmiento
62%
Tigre
62%
Deportivo Riestra
58%
Instituto
54%
No se encontraron pruebas coincidentes
Distribución de puntuación
Porcentaje de gente con cada puntuación
Porcentaje por número respondido
Historial de tus puntuaciones
No has intentado esta prueba.